| 000 | 00466nam a22001697a 4500 | ||
|---|---|---|---|
| 003 | NUST - PNEC | ||
| 005 | 20170116180940.0 | ||
| 008 | 150907b xxu||||| |||| 00| 0 eng d | ||
| 020 | _a0417615420 | ||
| 040 | _cLIBRARY | ||
| 082 | _a621.380413 KAN | ||
| 100 |
_98679 _aKanefsky, Morton |
||
| 245 |
_aCommunication techniques for digital and analog signals _cMorton Kanefsky |
||
| 260 | _cc.1987 | ||
| 650 |
_98678 _aDigital communications _xMIF |
||
| 942 |
_2ddc _cBK |
||
| 999 |
_c66132 _d66132 |
||